000 00437nam a2200157Ia 4500
003 OSt
005 20260303102152.0
008 211028s2003 xx 000 0 und d
040 _cAIMIT LIBRARY
041 _aeng
100 _aCutinho, Caroline U;D Souza, Anil Prakash.
_g92159
_92200
110 _aD Souza, Anil Prakash.
_92201
245 _aFuel pump test plan automation software /
260 _aBangalore
_c2003
942 _2ddc
_cPRO
999 _c216816
_d216816